Challenge to leadership: managing in a changing world
Saved in:
| Corporate Author: | |
|---|---|
| Format: | Book |
| Language: | English |
| Published: |
Nueva York
Free Press
1973
|
| Subjects: | |
| Tags: |
Add Tag
No Tags, Be the first to tag this record!
|
MARC
| LEADER | 00000nam a2200000 a 4500 | ||
|---|---|---|---|
| 001 | UCR9211 | ||
| 003 | CL-VaPUC | ||
| 008 | 980613e19730000US |||||||||||||||||eng|d | ||
| 082 | 0 | 4 | |a 658.409 |b CON |2 21 |
| 110 | 2 | |a Conference Board |e author |9 411484 | |
| 245 | 1 | 0 | |a Challenge to leadership: managing in a changing world |
| 300 | |a 372 p | ||
| 942 | |c BK | ||
| 945 | |d 19980613 00:00:00 |a cmena | ||
| 260 | |a Nueva York |b Free Press |c 1973 | ||
| 650 | 0 | |a Liderazgo |9 271835 | |
| 650 | 0 | |a Cambio social |9 256857 | |
| 650 | 0 | |a Administración de empresas |9 260833 | |
| 650 | 0 | |a Administración del personal |9 260442 | |
| 650 | 0 | |a Comportamiento |9 308406 | |
| 650 | 0 | |a Estructura organizacional |9 390800 | |
| 650 | 7 | |a CONDUCTA ORGANIZACIONAL |2 CL-VaPUC |9 263671 | |
| 650 | 0 | |a Recursos humanos |9 228420 | |
| 650 | 7 | |a MEDIO AMBIENTE LABORAL |2 CL-VaPUC |9 380233 | |
| 650 | 7 | |a EQUIPOS DE TRABAJO |2 CL-VaPUC |9 384715 | |
| 583 | |a last modification |c 19980613 00:00:00 |k Rodrigo Vera | ||
| 999 | |c 270413 |d 270411 | ||
| 952 | |0 0 |1 0 |4 0 |6 658_409000000000000_CON_1973 |7 0 |8 A |9 304698 |a BIBGIM |b BIBGIM |d 2019-11-20 |i 1410784 |o 658.409 CON 1973 |p 1410784 |r 2025-01-15 |w 2019-11-20 |y BK |k COM | ||